1869 1544 1016 1315 1650 1275 1245 1956 1663 1554 1319 1295 1520 1234 1537 1909 1368 1129 1103 1356 1000 1695 1854 1250 1095 1171 1245 1216 1434 1605 1904 1378 1967 1656 1952 1823 1644 1196 1169 1014 1251 1680 1652 1262 1346 1058 1380 1522 1944 1417 1189 1846 1758 1330 1490 1192 1530 1238 1768 1268 1367 1363 1763 1094 1062 1601 1752 1085 1489 1437 1761 1720 1500 1473 1458 1381 1068 1572 1630 1538 1178 1946 1585 1439 1446 1053 1505 1497 1732 1273 1713 1014 1399 1612 1254 1723 1288 1363 1698 BCNSPRNW ULIB Ver.6.0+V

เปลี่ยนเป็นภาษาไทย

Change to English
 แสดงรายละเอียดบรรณานุกรม
  กลับหน้าหลัก

Brief Record : Get Marc (ISO 2709) : E-mail record : QR code < ปิดหน้าต่าง
LEADER : 00000nam 2200000uu 4500
001    13399128247
003     ULIB
008    220822s2557||||th 000 0 tha d
020    ^a9786162997013 (ล.3)
050  0 ^aนว^bก947ล^cล.3
100 0  ^aโก้วเล้ง
245 10 ^aลูกปลาน้อยเซียวฮื้อยี้ เล่ม 3. /^cโก้วเล้ง, เขียน ; น.นพรัตน์, แปล
246 30 ^aเซียวฮื้อยี้
250    ^aพิมพ์ครั้งที่ 1
260    ^aกรุงเทพฯ :^bสยามอินเตอร์บุ๊ค,^c2557
300    ^a6 เล่ม ;^c21 ซม.
650  4 ^aนวนิยายจีนกำลังภายใน
650  4 ^aนวนิยายจีน^xการแปลเป็นภาษาไทย
653    ^aOpen Your Eyes Project
700 0  ^aน.นพรัตน์,^eผู้แปล
945    ^p260^l0^i009352
999    ^aประนอม เกษจรัล
รายการนี้ยังไม่มีแท็ก
คุณยังไม่ได้ล็อกอิน คุณสามารถมีกิจกรรมร่วมกับเว็บไซต์ได้ แต่ต้องล็อกอินก่อน ::
  ล็อกอิน

รายการสื่อสารสนเทศ

ลำดับที่ ประเภท เลขเรียก/บาร์โค้ด สถานที่ สถานะ
1. นวนิยาย
นวนิยาย
นว ก947ล ล.3 ฉ.1 
  Barcode: 009352
ห้องสมุดวิทยาเขตสวรรค์ประชารักษ์
►หนังสือทั่วไป
บนชั้น

รายการใกล้เคียง
    ผู้แต่ง [โก้วเล้ง]

    หัวเรื่อง [นวนิยายจีนกำลังภายใน]

BibComment


ยังไม่เคยถูกคอมเมนท์

คอมเมนท์ทรัพยากรรายการนี้
  คอมเมนท์: ลูกปลาน้อยเซียวฮ..


 Copyright 2026. Bcnsprnw @Library